| 000 | 00893nam a2200217Ii 4500 | ||
|---|---|---|---|
| 003 | JO-AjNU | ||
| 008 | 230605s9999||||xx |||||||||||||| ||und|| | ||
| 017 | _a1990/755 | ||
| 040 |
_aJO-AjNU _bara _erda _cJO-AjNU |
||
| 041 | _aara | ||
| 050 | 1 | 4 | _aN7433.95.S36 1990 |
| 100 | 3 |
_aصالح ، قاسم حسين تأليف, _eauthor _938866 |
|
| 245 | 0 | 0 | _aفي سايكولوجية الفن التشكيلي:قراءات تحليلية في أعمال بعض الفنانين التشكيليين |
| 250 | _aط1 | ||
| 264 | 3 | 1 | _aبغداد:دار الشؤون الثقافية العامة .آفاق عربية, 1990 |
| 300 | _a220ص | ||
| 336 |
_atext _btxt _2rdacontent |
||
| 337 |
_aunmediated _bn _2rdamedia |
||
| 338 |
_avolume _bnc _2rdacarrier |
||
| 650 | 4 |
_aالفن-الفن التشكيلي-الفنانين التشكيليين- ساكولوجية الفن التشكيلي _938867 |
|
| 999 |
_aA16366 _c19934 _d19934 |
||